A Journey to the beloved : (Record no. 200462215)
[ view plain ]
| 000 -LEADER | |
|---|---|
| fixed length control field | 00846nam a22002897a 4500 |
| 001 - CONTROL NUMBER | |
| control field | 200462215 |
| 003 - CONTROL NUMBER IDENTIFIER | |
| control field | TR-AnTOB |
| 005 - DATE AND TIME OF LATEST TRANSACTION | |
| control field | 20240806103351.0 |
| 008 - FIXED-LENGTH DATA ELEMENTS--GENERAL INFORMATION | |
| fixed length control field | 240806b tu ||||| |||| 00| 0 tur d |
| 020 ## - INTERNATIONAL STANDARD BOOK NUMBER | |
| International Standard Book Number | 9786051372129 |
| 040 ## - CATALOGING SOURCE | |
| Language of cataloging | tur |
| Description conventions | rda |
| Transcribing agency | TR-AnTOB |
| Original cataloging agency | TR-AnTOB |
| 041 0# - LANGUAGE CODE | |
| Language code of text/sound track or separate title | İngilizce |
| 092 ## - LOCALLY ASSIGNED DEWEY CALL NUMBER (OCLC) | |
| Classification number | 819.2 |
| Item number | EMR 2013 |
| 100 0# - MAIN ENTRY--PERSONAL NAME | |
| Personal name | Yunus Emre. |
| Relator term | Author |
| 245 12 - TITLE STATEMENT | |
| Title | A Journey to the beloved : |
| Statement of responsibility, etc. | Yunus Emre ; ed.: Hasan Erbay . |
| 250 ## - EDITION STATEMENT | |
| Edition statement | 1.bs. |
| 260 ## - PUBLICATION, DISTRIBUTION, ETC. | |
| Place of publication, distribution, etc. | Ankara : |
| Name of publisher, distributor, etc. | TOBB, |
| Date of publication, distribution, etc. | 2013. |
| 336 ## - CONTENT TYPE | |
| Content type term | dokunsal metin |
| Content type code | tct |
| Source | rdacontent |
| 337 ## - MEDIA TYPE | |
| Media type term | aracısız |
| Media type code | m |
| Source | rdamedia |
| 338 ## - CARRIER TYPE | |
| Carrier type term | cilt |
| Carrier type code | nc |
| Source | rdacarrier |
| 650 #0 - SUBJECT ADDED ENTRY--TOPICAL TERM | |
| Topical term or geographic name entry element | Yunus Emre, d. 1320? --Criticism and interpretation. |
| Topical term or geographic name entry element | Yunus Emre, d. 1320? |
| 700 ## - ADDED ENTRY--PERSONAL NAME | |
| Personal name | Erbay, Hasan |
| Relator term | editor |
| 9 (RLIN) | 105231 |
| 942 ## - ADDED ENTRY ELEMENTS (KOHA) | |
| Source of classification or shelving scheme | Dewey Decimal Classification |
| Koha item type | Book |
| Withdrawn status | Lost status | Source of classification or shelving scheme | Not for loan | Collection code | Home library | Current library | Shelving location | Date acquired | Total Checkouts | Full call number | Barcode | Date last seen | Date shelved | Koha item type |
|---|---|---|---|---|---|---|---|---|---|---|---|---|---|---|
| Dewey Decimal Classification | Ödünç Verilebilir / Available | College General Collection | TOBB ETÜ Koleji | TOBB ETÜ Koleji | College General Collection | 06/08/2024 | 819.2 EMR 2013 | 200462216 | 06/08/2024 | 06/08/2024 | Book | |||
| Dewey Decimal Classification | Ödünç Verilebilir / Available | College General Collection | TOBB ETÜ Koleji | TOBB ETÜ Koleji | College General Collection | 06/08/2024 | 819.2 EMR 2013 | 200462217 | 06/08/2024 | 06/08/2024 | Book |
